[Event "HUN-ch KO"]
[Site "Budapest"]
[Date "2000.08.29"]
[Round "1.2"]
[White "Balogh, Viktor"]
[Black "Por, Attila"]
[Result "1-0"]
[WhiteElo "2182"]
[BlackElo "2028"]
[PlyCount "55"]
[EventDate "2000.08.28"]
[EventType "k.o."]
[EventRounds "6"]
[EventCountry "HUN"]
[SourceTitle "EXT 2001"]
[Source "ChessBase"]
[SourceDate "2000.11.22"]
[SourceVersion "1"]
[SourceVersionDate "2000.11.22"]
[SourceQuality "1"]

1. e4 c5 2. Nc3 Nc6 3. Nf3 d6 4. d4 cxd4 5. Nxd4 g6 6. Be3 Bg7 7. Qd2 Nf6 8. f3 0-0 9. Bc4 Bd7 10. 0-0-0 Rc8 11. Bb3 Ne5 12. h4 h5 13. Bg5 Rc5 14. Kb1 b5 15. g4 hxg4 16. h5 Nxh5 17. Nd5 Rxd5 18. Bxd5 gxf3 19. Nf5 Bxf5 20. exf5 Nc4 21. Bxc4 bxc4 22. Rxh5 Qb6 23. f6 exf6 24. Be3 Qb7 25. Rh3 f5 26. Bd4 Qe4 27. Bxg7 Kxg7 28. Qc3+ 1-0